<?xml version="1.0" encoding="UTF-8"?>
<marc:record xmlns:marc="http://www.loc.gov/MARC21/slim">
   <marc:leader>00000nam a2200000 a 4500</marc:leader>
   <marc:datafield ind1=" " ind2=" " tag="653">
      <marc:subfield code="a">Psychiatrische Krise</marc:subfield>
   </marc:datafield>
   <marc:datafield ind1="0" ind2="0" tag="245">
      <marc:subfield code="a">Kontakt: Zeitschrift der HPE Österreich  2018 / 02, 41. Jg.</marc:subfield>
   </marc:datafield>
   <marc:datafield ind1="0" ind2="0" tag="245">
      <marc:subfield code="b">Psychiatrische Krise</marc:subfield>
   </marc:datafield>
   <marc:datafield ind1="0" ind2="0" tag="245">
      <marc:subfield code="c">HPE Österreich. Norbert Erlacher</marc:subfield>
   </marc:datafield>
   <marc:datafield ind1=" " ind2="1" tag="264">
      <marc:subfield code="a">Wien</marc:subfield>
      <marc:subfield code="b">HPE Österreich</marc:subfield>
      <marc:subfield code="c">2018</marc:subfield>
   </marc:datafield>
   <marc:datafield ind1=" " ind2=" " tag="250">
      <marc:subfield code="a">2018 / 02, 41. Jg.</marc:subfield>
   </marc:datafield>
   <marc:datafield ind1="1" ind2=" " tag="520">
      <marc:subfield code="a">Psychiatrische Krise. Was geht ab?Die Rolle der Polizei; Die Rolle der Amtsärztinnen; Machen sie sich keine Sorgen, wir kümmern uns gut um ihn.;Angehörigenberatung nicht miteinzubeziehen ist aus unserer Sicht ein Behandlungsfehler.; Wir ermutigen die Angehörigen zur Kommunikation und Kontaktaufnahme.; Wenn sich Angehörige um Patientinnen kümmern, ist der Spitalaufenthalt möglicherweise kürzer notwendig.; Psychiatrie soll kein Ort  sein, wo mit Angst gearbeitet wird, sondern einer, wo die Ängste bearbeitet werden können.</marc:subfield>
   </marc:datafield>
   <marc:datafield ind1=" " ind2=" " tag="542">
      <marc:subfield code="d">HPE Österreich</marc:subfield>
   </marc:datafield>
   <marc:datafield ind1=" " ind2=" " tag="300">
      <marc:subfield code="a">35.S.</marc:subfield>
   </marc:datafield>
</marc:record>
